| 000 | 00431nam a22001577a 4500 | ||
|---|---|---|---|
| 005 | 20241025160446.0 | ||
| 008 | 241025b |||||||| |||| 00| 0 eng d | ||
| 020 | _a9780721916408 | ||
| 050 | _aKD1989 | ||
| 100 |
_aJones, Brain & Parpworth _d2004 |
||
| 245 | _aEnvironmental Liabilities | ||
| 260 |
_aCrayford _bShaw & Sons _c2004 |
||
| 300 |
_axlviii, 664 pages/ _bIndex _c23.5 cm |
||
| 650 | _2Environmental Law | ||
| 942 |
_2lcc _cBK _n0 |
||
| 999 |
_c206 _d206 |
||